Statistiques concernant Pays colonisés par le Royaume-Uni

Cliquez ici pour prendre le quiz!

Statistiques générales

  • Ce quiz a été pris 315 fois
  • Le résultat moyen est 40 sur 66

Statistiques - réponses

Réponses% Correct
Inde
95%
Canada
94%
Etats-Unis
92%
Australie
91%
Afrique du Sud
87%
Nouvelle Zélande
86%
Egypte
85%
Pakistan
85%
Irlande
78%
Bangladesh
75%
Chine
75%
Kenya
75%
Soudan
75%
Nigéria
73%
Tanzanie
69%
Zimbabwe
69%
Fidji
68%
Irak
68%
Somalie
68%
Botswana
67%
Soudan du Sud
67%
Zambie
67%
Tonga
66%
Ghana
65%
Sri Lanka
65%
Lesotho
64%
Namibie
64%
Samoa
64%
Birmanie
63%
Yémen
63%
Eswatini
62%
Malaisie
62%
Israël
61%
Jordanie
60%
Oman
60%
Ouganda
60%
Tuvalu
60%
Papouasie Nouvelle-Guinée
58%
Seychelles
57%
Vanuatu
57%
Bahamas
55%
Singapour
55%
Koweït
54%
Maldives
54%
Malte
54%
Qatar
54%
Barbade
53%
Emirats Arabes Unis
53%
Kiribati
53%
Nauru
53%
Belize
52%
Cameroun
52%
Chypre
51%
Malawi
51%
Sierra Leone
50%
Gambie
49%
Ile Maurice
49%
Bahreïn
44%
Trinité et Tobago
44%
Espagne
43%
Guyana
43%
Bruneï
40%
Grèce
34%
Allemagne
30%
Iles Salomon
29%
Nicaragua
9%

Distribution des résultats

Percentile par nombre de réponses

% des personnes avec chaque résultat

Votre développement - résultats

Vous n’avez pas pris ce quiz